| 000 | 00425nam a22001697a 4500 | ||
|---|---|---|---|
| 005 | 20180710104247.0 | ||
| 008 | 160512b xxu||||| |||| 00| 0 eng d | ||
| 020 | _a81-7808-580-2 | ||
| 041 | _aeng | ||
| 082 |
_b1770 _a658.15 |
||
| 100 |
_aHorne, James C.VAN. _94495 |
||
| 245 | _aFinancial Management and Policy. | ||
| 260 |
_aDelhi _bPearson Education, _c2002 |
||
| 300 | _a814p, | ||
| 650 |
_aManagement _9241 |
||
| 942 | _cBK | ||
| 999 |
_c683 _d683 |
||